000 01239nam a2200241Ia 4500
003 Ost
005 20260507075723.0
008 260507s9999||||xx |||||||||||||| ||und||
040 _cfsecg
041 _aara
082 _a1.64
100 _aالتميمي، عبد الفتاح
_eمؤلف
245 0 _aالإنترنت وشبكات الحاسوب :
_bالمبادئ والتطبيقات العملية /
_c عبد الفتاح التميمي
260 _aعمان:
_bدار اليازوري,
_c2002
300 _a229 صفحة؛
_bإيضاحات ؛
_c25 سم
504 _aالمراجع ص.227 الملاحق ص.189
520 _aالمبادئ،ما هو الحاسوب،شبكات الحاسوب،تراسل البيانات،ماهي الإنترنت،التطبيقات العملية،التجهيز للربط بالأنترنت،الويب،البحث عن المعلومات،البريد الإلكتروني،بروتوكول نقل الملفات،مصطلحات وتعريفات الإنترنت،مواقع عربية مختارة
653 _aالأنترنت
653 _aالبيانات
653 _aالحاسوب
700 _aأبو عيد، عماد محمد
_eمؤلف ثانوي
942 _cكتاب
999 _c45954
_d45954